000 00874cab a2200217 4500
001 ##L132439
008 060208n2006 000 0 eng u
035 _a(Sirsi) u132439
041 0 _aeng
100 1 _aSoames, Michael
245 0 0 _aFocus 1
_bLondon - west
260 _c2006
490 0 _aEstates Gazette
_v(0605) 4 February 2006, 83-95(9)
520 _aCovers central London prime office rents at the threshold of £100 per sq ft and Kensington and Chelsea's thriving small office market. Reports on office and retail relocation to Hammersmith and Fulham and on a lack of large-scale development in Hounslow and Uxbridge leaving a chronic shortage of grade A space.
590 _aIKA140206
690 _aPROPERTY-COMMERCIAL PROPERTY-COMMERCIAL PROPERTY MARKET
700 1 _aHarris, David
700 1 _aTaylor, Andrew
700 1 _aJack, Simon
942 _n0
999 _c76441
_d76441